000 00512nam a22001937a 4500
003 OSt
005 20140310182205.0
008 130903t xxu||||| |||| 00| 0 eng d
020 _a1854228625
050 _aGV 1206
_b.Se447 1988
082 _aHS 790.1922
_bT69 1988
100 _aSeddon, Sue
_916407
245 _aTravel games /
_cSue Seddon.
260 _aLondon :
_bMagna Books,
_cc1988.
300 _a96 p. :
_bill. ;
_c18 cm.
650 _a Travel games.
_916408
942 _2lcc
_cHS
999 _c10306
_d10306